[Event "Le Bolduc-A 2nd"]
[Site "Montreal"]
[Date "2003.10.20"]
[Round "9"]
[White "Roussel Roozmon, Thomas"]
[Black "Grondin, Jean Philippe"]
[Result "1-0"]
[WhiteElo "2251"]
[BlackElo "2267"]
[PlyCount "81"]
[EventDate "2003.09.??"]
[EventType "tourn"]
[EventRounds "10"]
[EventCountry "CAN"]
[SourceTitle "EXT 2006"]
[Source "ChessBase"]
[SourceDate "2005.11.24"]
[SourceVersion "1"]
[SourceVersionDate "2005.11.24"]
[SourceQuality "1"]

1. d4 d5 2. c4 Nc6 3. cxd5 Qxd5 4. e3 e5 5. Nc3 Bb4 6. Bd2 Bxc3 7. bxc3 Nf6 8. f3 Qd6 9. Bd3 0-0 10. Ne2 Re8 11. 0-0 exd4 12. cxd4 Nd5 13. e4 Ndb4 14. Bf4 Qe7 15. Bb5 a6 16. Ba4 b5 17. Bb3 Na5 18. a3 Nxb3 19. Qxb3 Nc6 20. Qc3 Bb7 21. Rfc1 Rac8 22. d5 Ne5 23. Bxe5 Qxe5 24. Qxe5 Rxe5 25. Nd4 f5 26. Nxf5 Bxd5 27. Rc5 Rxf5 28. exf5 c6 29. Kf2 Rf8 30. g4 g6 31. Re1 gxf5 32. g5 Kf7 33. h4 h6 34. Kg3 hxg5 35. hxg5 f4+ 36. Kg4 a5 37. Re5 Kg7 38. a4 bxa4 39. Rxa5 Rf7 40. Rxa4 Kg6 41. Rxf4 1-0

[Event "Le Bolduc-A 2nd"]
[Site "Montreal"]
[Date "2003.09.29"]
[Round "3"]
[White "Grondin, Jean Philippe"]
[Black "Chabot, Roland"]
[Result "0-1"]
[WhiteElo "2267"]
[BlackElo "2222"]
[PlyCount "51"]
[EventDate "2003.09.??"]
[EventType "tourn"]
[EventRounds "10"]
[EventCountry "CAN"]
[SourceTitle "EXT 2006"]
[Source "ChessBase"]
[SourceDate "2005.11.24"]
[SourceVersion "1"]
[SourceVersionDate "2005.11.24"]
[SourceQuality "1"]

1. d4 f5 2. g3 Nf6 3. Bg2 g6 4. c4 Bg7 5. Nh3 0-0 6. Nf4 Nc6 7. d5 Ne5 8. Nd2 c6 9. 0-0 Qe8 10. Qc2 d6 11. b4 cxd5 12. cxd5 Bd7 13. a4 Rc8 14. Qb3 g5 15. Ne6 Bxe6 16. dxe6 Qh5 17. f3 f4 18. Bb2 Ng6 19. Rac1 g4 20. Nc4 Rce8 21. Na5 b6 22. Nc6 gxf3 23. exf3 fxg3 24. hxg3 Qg5 25. f4 Qh5 26. Bf3 0-1

[Event "Quebec op"]
[Site "Montreal"]
[Date "2000.07.26"]
[Round "6"]
[White "Tyomkin, Dimitri"]
[Black "Grondin, Jean Philippe"]
[Result "1-0"]
[WhiteElo "2522"]
[BlackElo "2243"]
[PlyCount "114"]
[EventDate "2000.07.22"]
[EventType "swiss"]
[EventRounds "9"]
[EventCountry "CAN"]
[SourceTitle "EXT 2002"]
[Source "ChessBase"]
[SourceDate "2001.11.25"]
[SourceVersion "1"]
[SourceVersionDate "2001.11.25"]
[SourceQuality "1"]

1. d4 d5 2. c4 Nc6 3. Nf3 e5 4. dxe5 Bb4+ 5. Bd2 dxc4 6. e3 Be6 7. Qa4 Bxd2+ 8. Nbxd2 a6 9. Nd4 b5 10. Nxe6 fxe6 11. Qc2 Qd5 12. Be2 Rd8 13. Nf3 Nb4 14. Qc3 c5 15. 0-0 Ne7 16. Rfd1 Nd3 17. Ne1 b4 18. Qc2 Nxe1 19. Rxe1 0-0 20. Bxc4 Qxe5 21. Bxa6 Rd6 22. Bc4 Rfd8 23. Rad1 Nd5 24. Bd3 Nf6 25. f4 Qh5 26. Be2 Ng4 27. Bxg4 Qxg4 28. Rxd6 Rxd6 29. Qxc5 Rd2 30. Qc8+ Kf7 31. Qb7+ Kf6 32. Qe4 Kf7 33. Rc1 Rd1+ 34. Rxd1 Qxd1+ 35. Kf2 Qd2+ 36. Kf3 Qxb2 37. Qc4 Qd2 38. f5 Qd1+ 39. Kf2 Qd2+ 40. Kf3 Qd1+ 41. Kf4 Qd6+ 42. Ke4 Qxh2 43. Qxe6+ Kf8 44. Qc8+ Kf7 45. Qc4+ Kf6 46. Qd4+ Kf7 47. Qd5+ Kf6 48. Qe6+ Kg5 49. Qe7+ Kh6 50. Kd3 Qh1 51. Qxb4 Qf1+ 52. Kd4 Qxg2 53. a4 Qg4+ 54. e4 Qg1+ 55. Kd5 Qc1 56. a5 Kg5 57. a6 Kf4 1-0

[Event "Quebec op"]
[Site "Montreal"]
[Date "2000.??.??"]
[Round "5"]
[White "Grondin, Jean Philippe"]
[Black "Bachand Fleurent, Julien"]
[Result "1-0"]
[WhiteElo "2243"]
[BlackElo "2061"]
[PlyCount "43"]
[EventDate "2000.07.22"]
[EventType "swiss"]
[EventRounds "9"]
[EventCountry "CAN"]
[SourceTitle "EXT 2002"]
[Source "ChessBase"]
[SourceDate "2001.11.25"]
[SourceVersion "1"]
[SourceVersionDate "2001.11.25"]
[SourceQuality "1"]

1. e4 e6 2. d4 d5 3. Nc3 Bb4 4. Bd3 dxe4 5. Bxe4 Nf6 6. Bf3 c5 7. Nge2 Nc6 8. a3 Bxc3+ 9. bxc3 Qa5 10. 0-0 0-0 11. Bg5 Rd8 12. Bxf6 gxf6 13. Qd3 Ne5 14. Qe3 Nxf3+ 15. Qxf3 cxd4 16. Qxf6 dxc3 17. Rad1 Rd7 18. Nd4 Qd8 19. Qe5 Rd5 20. Nf5 Qf8 21. Rxd5 exf5 22. Rd3 1-0

[Event "Quebec op"]
[Site "Montreal"]
[Date "2000.??.??"]
[Round "7"]
[White "Grondin, Jean Philippe"]
[Black "Golts, Roman"]
[Result "0-1"]
[WhiteElo "2243"]
[BlackElo "2192"]
[PlyCount "36"]
[EventDate "2000.07.22"]
[EventType "swiss"]
[EventRounds "9"]
[EventCountry "CAN"]
[SourceTitle "EXT 2002"]
[Source "ChessBase"]
[SourceDate "2001.11.25"]
[SourceVersion "1"]
[SourceVersionDate "2001.11.25"]
[SourceQuality "1"]

1. e4 e6 2. d4 d5 3. Nc3 Nf6 4. e5 Nfd7 5. f4 c5 6. dxc5 Bxc5 7. Qg4 0-0 8. Nf3 Nc6 9. Bd3 f5 10. Qh3 Be7 11. g4 Nc5 12. gxf5 Nxd3+ 13. cxd3 exf5 14. Rg1 Nb4 15. Qh6 Rf7 16. e6 Kh8 17. Ne5 Nxd3+ 18. Nxd3 Qb6 0-1

[Event "Quebec op"]
[Site "Montreal"]
[Date "2000.??.??"]
[Round "9"]
[White "Grondin, Jean Philippe"]
[Black "Reeve, Jeff"]
[Result "1-0"]
[WhiteElo "2243"]
[BlackElo "2195"]
[PlyCount "103"]
[EventDate "2000.07.22"]
[EventType "swiss"]
[EventRounds "9"]
[EventCountry "CAN"]
[SourceTitle "EXT 2002"]
[Source "ChessBase"]
[SourceDate "2001.11.25"]
[SourceVersion "1"]
[SourceVersionDate "2001.11.25"]
[SourceQuality "1"]

1. e4 c5 2. Nf3 d6 3. d4 cxd4 4. Nxd4 Nf6 5. Nc3 a6 6. Bg5 e6 7. Qf3 Nbd7 8. 0-0-0 Qc7 9. Qg3 Be7 10. Be2 b5 11. Bxb5 Rb8 12. Ba4 0-0 13. Nc6 Nc5 14. Nxe7+ Qxe7 15. Rxd6 Nxa4 16. Nxa4 h6 17. Bxf6 Qxf6 18. e5 Qf5 19. Nc5 Rb5 20. Qe3 Qg4 21. f4 Qxg2 22. Rg1 Qxh2 23. Rd2 Qh4 24. Rdg2 g6 25. Ne4 Bb7 26. Rg4 Qh2 27. R4g2 Qh4 28. Rg4 Qh2 29. Nd6 h5 30. R4g3 Rb4 31. Nxb7 Rc8 32. R3g2 Qxf4 33. Qxf4 Rxf4 34. Nd6 Rc5 35. Re2 Kg7 36. c4 h4 37. b4 Rfxc4+ 38. Nxc4 Rxc4+ 39. Kd2 Rxb4 40. Ke3 Ra4 41. Rf1 g5 42. Rf6 Ra3+ 43. Kf2 h3 44. Kg1 Kg8 45. Kh1 Kg7 46. Kh2 a5 47. Re4 Rxa2+ 48. Kxh3 a4 49. Rg4 a3 50. Rxg5+ Kf8 51. Rf3 Ra1 52. Kh2 1-0

[Event "Quebec op"]
[Site "Quebec"]
[Date "1997.??.??"]
[Round "5"]
[White "Grondin, Jean Philippe"]
[Black "Hergott, Deen"]
[Result "1/2-1/2"]
[WhiteElo "2250"]
[BlackElo "2395"]
[PlyCount "108"]
[EventDate "1997.??.??"]
[EventType "swiss"]
[EventRounds "9"]
[EventCountry "CAN"]
[SourceTitle "EXT 1998"]
[Source "ChessBase"]
[SourceDate "1997.11.17"]
[SourceVersion "1"]
[SourceVersionDate "1997.11.17"]
[SourceQuality "1"]

1. e4 d5 2. exd5 Qxd5 3. Nc3 Qa5 4. d4 Nf6 5. Nf3 c6 6. Bc4 Bf5 7. 0-0 e6 8. Qe2 Nbd7 9. a3 Bd6 10. h3 0-0 11. Nh4 Rfe8 12. Bd2 Qb6 13. Nxf5 exf5 14. Qd3 Ne4 15. Nxe4 fxe4 16. Qb3 Re7 17. Qxb6 axb6 18. a4 Nf6 19. c3 Nd5 20. b4 Kf8 21. b5 Rc7 22. bxc6 bxc6 23. Bxd5 cxd5 24. Rfb1 Rca7 25. Rxb6 Ke7 26. g3 Rxa4 27. Rxa4 Rxa4 28. Rb7+ Ke6 29. Rb6 Kd7 30. Rb7+ Bc7 31. Bf4 Rc4 32. Bxc7 Rxc7 33. Rb3 h5 34. h4 Ra7 35. Kf1 g6 36. Rb5 Kc6 37. Rc5+ Kd6 38. Rb5 Kc6 39. Rc5+ Kd6 40. Rb5 Rc7 41. Rb3 f6 42. Ke2 g5 43. Ra3 gxh4 44. gxh4 Ke6 45. Kd2 Rc6 46. Ra5 f5 47. Ra8 Rb6 48. Kc2 Kf7 49. Ra7+ Kg6 50. Rd7 Rb5 51. Rd6+ Kf7 52. Ra6 f4 53. Rc6 Ra5 54. Kb2 Rb5+ 1/2-1/2

[Event "Montreal Interclubs"]
[Site "Montreal"]
[Date "1996.05.04"]
[Round "5"]
[White "Grondin, Jean Philippe"]
[Black "Reeve, Jeff"]
[Result "0-1"]
[WhiteElo "2110"]
[BlackElo "2246"]
[PlyCount "91"]
[EventDate "1996.02.13"]
[EventType "swiss"]
[EventRounds "5"]
[EventCountry "CAN"]
[SourceTitle "EXT 2022"]
[Source "ChessBase"]
[SourceDate "2021.10.06"]
[SourceVersion "1"]
[SourceVersionDate "2021.10.06"]
[SourceQuality "1"]

1. e4 d5 2. exd5 Nf6 3. Bb5+ Bd7 4. Bc4 Bg4 5. f3 Bc8 6. Nc3 Nbd7 7. Nge2 Nb6 8. b3 Nfxd5 9. Nxd5 Nxd5 10. Bb2 e6 11. 0-0 Bc5+ 12. Kh1 0-0 13. Qe1 Bd6 14. Ng3 Qh4 15. Be5 Bxe5 16. Qxe5 Qf4 17. Qxf4 Nxf4 18. Ne2 Nxe2 19. Bxe2 Rd8 20. f4 Rxd2 21. Rad1 Rd7 22. Bf3 Rb8 23. c4 c5 24. Rxd7 Bxd7 25. Rd1 Be8 26. g4 Kf8 27. a3 Ke7 28. b4 cxb4 29. axb4 Rc8 30. Ra1 Rxc4 31. Rxa7 Kf6 32. Rxb7 Rxf4 33. Bg2 Rxg4 34. Rb8 Rc4 35. Kg1 Bc6 36. Bf1 Rg4+ 37. Kf2 Rf4+ 38. Ke1 g5 39. b5 Bd5 40. b6 Rb4 41. Ba6 g4 42. b7 Rb6 43. Be2 Rxb7 44. Rg8 Bf3 45. Bxf3 gxf3 46. Rg3 0-1

[Event "Montreal Interclubs"]
[Site "Montreal"]
[Date "1996.02.13"]
[Round "1"]
[White "Grondin, Jean Philippe"]
[Black "Bergeron, Marc"]
[Result "1/2-1/2"]
[WhiteElo "2110"]
[BlackElo "1976"]
[PlyCount "100"]
[EventDate "1996.02.13"]
[EventType "swiss"]
[EventRounds "5"]
[EventCountry "CAN"]
[SourceTitle "EXT 2022"]
[Source "ChessBase"]
[SourceDate "2021.10.06"]
[SourceVersion "1"]
[SourceVersionDate "2021.10.06"]
[SourceQuality "1"]

1. e4 Nc6 2. d4 d5 3. Nc3 dxe4 4. d5 Ne5 5. Qd4 Ng6 6. Bb5+ Bd7 7. Be3 f5 8. Nge2 c6 9. dxc6 bxc6 10. Ba4 e5 11. Qc4 Qc7 12. 0-0-0 Bd6 13. Bb3 N8e7 14. Rd2 Rf8 15. Rhd1 Rf6 16. Bc5 Bxc5 17. Qxc5 0-0-0 18. g4 Rff8 19. Ng3 f4 20. Rxd7 Rxd7 21. Be6 Rfd8 22. Ngxe4 Kb8 23. Bxd7 Rxd7 24. Nd6 Nd5 25. Nce4 Qb6 26. Qxb6+ axb6 27. Nf5 Ra7 28. a3 f3 29. Ng5 Ra4 30. h3 Ngf4 31. Nxf3 Nxh3 32. Nxe5 Nxf2 33. Nxc6+ Kc7 34. Rxd5 Kxc6 35. Rd4 Rxd4 36. Nxd4+ Kd5 37. Nf5 g5 38. Nh6 Ke4 39. a4 Kd4 40. Kd2 Ne4+ 41. Ke2 Nc5 42. Nf7 Nxa4 43. Nxg5 Nxb2 44. Nxh7 Ke4 45. Nf6+ Kf4 46. Nd5+ Kxg4 47. Nxb6 Kf4 48. Kd2 Ke4 49. c3 Nd3 50. Nd7 Ne5 1/2-1/2

[Event "Maitrise op"]
[Site "Montreal"]
[Date "1996.??.??"]
[Round "1"]
[White "Bergeron, Marc"]
[Black "Grondin, Jean Philippe"]
[Result "1/2-1/2"]
[WhiteElo "2030"]
[BlackElo "2050"]
[PlyCount "65"]
[EventDate "1996.??.??"]
[EventType "swiss"]
[EventRounds "6"]
[EventCountry "CAN"]
[SourceTitle "EXT 1999"]
[Source "ChessBase"]
[SourceDate "1998.11.16"]
[SourceVersion "1"]
[SourceVersionDate "1998.11.16"]
[SourceQuality "1"]

1. e4 e5 2. Bc4 Nf6 3. d3 Nc6 4. Nf3 Bc5 5. 0-0 d6 6. c3 Bb6 7. b4 0-0 8. a4 a5 9. b5 Ne7 10. Qb3 c6 11. Ba3 Ng6 12. bxc6 bxc6 13. Nbd2 Rb8 14. Qa2 Qc7 15. d4 c5 16. dxe5 dxe5 17. Ng5 h6 18. Nxf7 Rxf7 19. Bxf7+ Qxf7 20. Qxf7+ Kxf7 21. Rfb1 Ba6 22. Bxc5 Bxc5 23. Rxb8 Ng4 24. h3 Nxf2 25. Kh2 Be3 26. Nf1 Bg5 27. Ra8 Bd3 28. Rxa5 Bxe4 29. Re1 Nh4 30. Kg1 Nxg2 31. Rxe4 Nxe4 32. Kxg2 Nxc3 33. Rxe5 1/2-1/2

[Event "Quebec-ch"]
[Site "Quebec"]
[Date "1994.??.??"]
[Round "1"]
[White "Grondin, Jean Philippe"]
[Black "Koliada, Timour"]
[Result "0-1"]
[WhiteElo "2120"]
[BlackElo "2355"]
[PlyCount "78"]
[EventDate "1994.??.??"]
[EventType "tourn"]
[EventRounds "9"]
[EventCountry "CAN"]
[EventCategory "2"]
[SourceTitle "EXT 1997"]
[Source "ChessBase"]
[SourceDate "1996.11.15"]
[SourceVersion "1"]
[SourceVersionDate "1996.11.15"]
[SourceQuality "1"]

1. e4 c5 2. Nf3 e6 3. c3 Nf6 4. d3 d5 5. Nbd2 Nc6 6. Be2 Bd6 7. 0-0 0-0 8. Re1 Qc7 9. Bf1 Rd8 10. Qc2 d4 11. Nc4 e5 12. Nxd6 Qxd6 13. h3 dxc3 14. bxc3 b6 15. Be3 Bb7 16. Nh4 Rd7 17. Rad1 Rad8 18. Nf5 Qe6 19. Bg5 Ne7 20. Be2 Nxf5 21. Bg4 Nxg4 22. exf5 Qc6 23. f4 f6 24. hxg4 fxg5 25. fxe5 Rxd3 26. Rxd3 Rxd3 27. e6 Rxc3 28. Qb2 Rg3 29. Re2 Rxg2+ 30. Rxg2 Qxg2+ 31. Qxg2 Bxg2 32. Kxg2 c4 33. Kf3 c3 34. Ke3 b5 35. Kd3 b4 36. Kc2 a5 37. Kb3 Kf8 38. Kc2 Ke7 39. Kb3 h5 0-1

[Event "Quebec-ch"]
[Site "Quebec"]
[Date "1994.??.??"]
[Round "3"]
[White "Grondin, Jean Philippe"]
[Black "Lesiege, Alexandre"]
[Result "0-1"]
[WhiteElo "2120"]
[BlackElo "2460"]
[PlyCount "70"]
[EventDate "1994.??.??"]
[EventType "tourn"]
[EventRounds "9"]
[EventCountry "CAN"]
[EventCategory "2"]
[SourceTitle "EXT 1997"]
[Source "ChessBase"]
[SourceDate "1996.11.15"]
[SourceVersion "1"]
[SourceVersionDate "1996.11.15"]
[SourceQuality "1"]

1. e4 c5 2. Nf3 d6 3. d4 cxd4 4. Nxd4 Nf6 5. Nc3 a6 6. Bc4 e6 7. Qe2 b5 8. Bb3 Bb7 9. a3 Nbd7 10. Bg5 h6 11. Bh4 Rc8 12. 0-0 Qb6 13. Rad1 Be7 14. Ba2 b4 15. axb4 Qxb4 16. Bb3 Nc5 17. f3 0-0 18. Bf2 a5 19. Qd2 Rfe8 20. Ra1 Bf8 21. Be3 Rb8 22. Rfe1 e5 23. Nf5 Nxb3 24. cxb3 Bc8 25. Ng3 Be6 26. Ra3 Bxb3 27. Rea1 Ra8 28. Nge2 Reb8 29. Nc1 Be6 30. Nd3 Qb7 31. Rxa5 Rxa5 32. Rxa5 Bc4 33. Ra7 Qc6 34. Na4 Bb5 35. Qb4 Qc2 0-1

[Event "Quebec-ch"]
[Site "Quebec"]
[Date "1994.??.??"]
[Round "6"]
[White "Grondin, Jean Philippe"]
[Black "Moisan Plante, Marc Olivier"]
[Result "0-1"]
[WhiteElo "2120"]
[BlackElo "2035"]
[PlyCount "56"]
[EventDate "1994.??.??"]
[EventType "tourn"]
[EventRounds "9"]
[EventCountry "CAN"]
[EventCategory "2"]
[SourceTitle "EXT 1997"]
[Source "ChessBase"]
[SourceDate "1996.11.15"]
[SourceVersion "1"]
[SourceVersionDate "1996.11.15"]
[SourceQuality "1"]

1. e4 e5 2. Nf3 d6 3. d4 exd4 4. Qxd4 Nf6 5. Nc3 Be7 6. h3 0-0 7. Be3 Nc6 8. Qd2 a6 9. Be2 b5 10. a3 Be6 11. Rd1 b4 12. axb4 Nxb4 13. Nd4 c5 14. Nxe6 fxe6 15. Bc4 Qc8 16. f3 Rd8 17. 0-0 d5 18. exd5 exd5 19. Bb3 c4 20. Ba4 d4 21. Bxd4 Rxd4 22. Qe2 Bc5 23. Kh1 Nh5 24. Qe1 Qc7 25. Ne2 Rxd1 26. Qxd1 Rd8 27. Qe1 Nd5 28. Qh4 Qe7 0-1

[Event "Quebec-ch"]
[Site "Quebec"]
[Date "1994.??.??"]
[Round "9"]
[White "O'Donnell, Tom"]
[Black "Grondin, Jean Philippe"]
[Result "1/2-1/2"]
[WhiteElo "2385"]
[BlackElo "2120"]
[PlyCount "135"]
[EventDate "1994.??.??"]
[EventType "tourn"]
[EventRounds "9"]
[EventCountry "CAN"]
[EventCategory "2"]
[SourceTitle "EXT 1997"]
[Source "ChessBase"]
[SourceDate "1996.11.15"]
[SourceVersion "1"]
[SourceVersionDate "1996.11.15"]
[SourceQuality "1"]

1. e4 e5 2. Nf3 Nc6 3. Bc4 Nf6 4. Ng5 d5 5. exd5 Nd4 6. c3 b5 7. Bf1 Nxd5 8. cxd4 Qxg5 9. Nc3 Bb7 10. Bxb5+ c6 11. Be2 exd4 12. Nxd5 Qxd5 13. 0-0 Be7 14. Bf3 Qd7 15. b4 0-0 16. Qb3 a5 17. bxa5 Rxa5 18. a4 Ba8 19. Re1 c5 20. Bxa8 Rfxa8 21. d3 Bf8 22. Bf4 Rxa4 23. Rxa4 Qxa4 24. Qd5 Re8 25. Rf1 Qa8 26. Qb3 Qc6 27. h3 Bd6 28. Bxd6 Qxd6 29. Ra1 g6 30. Qb7 Kg7 31. g3 Rb8 32. Qf3 Rb2 33. Rc1 Rb3 34. Qe4 Rc3 35. Rd1 Rc2 36. Rb1 Qf6 37. Rf1 Rd2 38. Kg2 Qe6 39. Kf3 Qf6+ 40. Kg2 Qe6 41. Rc1 Qf6 42. Rf1 Qe6 43. Qxe6 fxe6 44. Rc1 Rxd3 45. Rxc5 Rc3 46. Ra5 Kf6 47. g4 d3 48. g5+ Kf7 49. Ra7+ Ke8 50. Kf3 d2+ 51. Ke2 Rd3 52. Kd1 Rxh3 53. Kxd2 Rf3 54. Ke2 Rf5 55. Rxh7 Rxg5 56. Ke3 Rf5 57. f4 Rf7 58. Rh6 Rg7 59. Ke4 Kf7 60. Ke5 Ke7 61. Rh1 g5 62. f5 exf5 63. Kxf5 g4 64. Rg1 g3 65. Kf4 g2 66. Kf3 Ke6 67. Rxg2 Rxg2 68. Kxg2 1/2-1/2

[Event "Masson Coupe Defi"]
[Site "Masson"]
[Date "1993.09.19"]
[Round "4"]
[White "Lecorre, Marc"]
[Black "Grondin, Jean Philippe"]
[Result "0-1"]
[WhiteElo "1426"]
[BlackElo "2084"]
[PlyCount "52"]
[EventDate "1993.09.18"]
[EventType "swiss"]
[EventRounds "4"]
[EventCountry "CAN"]
[SourceTitle "EXT 2022"]
[Source "ChessBase"]
[SourceDate "2021.10.06"]
[SourceVersion "1"]
[SourceVersionDate "2021.10.06"]
[SourceQuality "1"]

1. e4 e5 2. Nf3 Nc6 3. Bb5 a6 4. Ba4 d6 5. c3 Nf6 6. Bc2 d5 7. d4 Bg4 8. exd5 Nxd5 9. Qe2 Bxf3 10. gxf3 Qf6 11. Be4 0-0-0 12. dxe5 Nxe5 13. Be3 Nf4 14. Bxf4 Qxf4 15. Qe3 Qxe3+ 16. fxe3 Bc5 17. Ke2 g6 18. b3 Rhe8 19. Nd2 f5 20. Bc2 Bxe3 21. Kxe3 Nc4+ 22. Kf4 Nxd2 23. Rad1 Re2 24. Kg3 Re3 25. Kf4 Rxf3+ 26. Kg5 Rxc3 0-1

[Event "Quebec op"]
[Site "Montreal"]
[Date "1993.08.02"]
[Round "3"]
[White "Grondin, Jean Philippe"]
[Black "Lacroix, Serge"]
[Result "0-1"]
[WhiteElo "1978"]
[BlackElo "2026"]
[PlyCount "54"]
[EventDate "1993.07.31"]
[EventType "swiss"]
[EventRounds "8"]
[EventCountry "CAN"]
[SourceTitle "EXT 2022"]
[Source "ChessBase"]
[SourceDate "2021.10.06"]
[SourceVersion "1"]
[SourceVersionDate "2021.10.06"]
[SourceQuality "1"]

1. e4 c5 2. Nf3 e6 3. d4 cxd4 4. Nxd4 a6 5. Nc3 Qc7 6. g3 Bb4 7. Qd3 Nf6 8. Bg2 Nc6 9. Nxc6 dxc6 10. 0-0 0-0 11. Rd1 e5 12. Bg5 Be7 13. h3 Be6 14. Qf3 Rfd8 15. Kh2 Ng4+ 16. hxg4 Bxg5 17. Bf1 Rxd1 18. Rxd1 Rd8 19. Kg2 Qc8 20. Be2 b5 21. Rd3 Rd4 22. a3 Qd7 23. Nd1 Bc1 24. Rc3 g6 25. Kh2 h6 26. Rc5 Kf8 27. Qc3 Rxd1 0-1

[Event "Quebec-ch Intercoll"]
[Site "Montreal"]
[Date "1992.04.18"]
[Round "3"]
[White "Grondin, Jean Philippe"]
[Black "Nguyen, Christophe"]
[Result "0-1"]
[WhiteElo "2007"]
[BlackElo "1805"]
[PlyCount "74"]
[EventDate "1992.04.17"]
[EventType "swiss"]
[EventRounds "6"]
[EventCountry "CAN"]
[SourceTitle "EXT 2022"]
[Source "ChessBase"]
[SourceDate "2021.10.06"]
[SourceVersion "1"]
[SourceVersionDate "2021.10.06"]
[SourceQuality "1"]

1. e4 c5 2. Nc3 Nc6 3. f4 e6 4. Nf3 d6 5. Bb5 Nge7 6. d3 g6 7. 0-0 Bg7 8. Qe1 0-0 9. Bxc6 Nxc6 10. Ne2 b6 11. Qg3 f5 12. Qh3 d5 13. e5 Nb4 14. Ne1 d4 15. c3 dxc3 16. bxc3 Nd5 17. Nc2 Ba6 18. c4 Ne7 19. Ba3 Qd7 20. Nc3 Rfd8 21. Rfd1 Nc6 22. Qf3 Nd4 23. Nxd4 Qxd4+ 24. Qf2 Qxc3 25. Bb2 Qa5 26. a4 Bb7 27. d4 cxd4 28. Rd3 Qc5 29. Qh4 Qc6 30. Rg3 Rd7 31. Ba3 Bf8 32. Bxf8 Rxf8 33. Qh6 d3 34. h4 d2 35. h5 Rg7 36. hxg6 hxg6 37. Rd1 Qc5+ 0-1

[Event "Quebec-ch Intercoll"]
[Site "Montreal"]
[Date "1992.04.17"]
[Round "2"]
[White "Lesage, Sylvain"]
[Black "Grondin, Jean Philippe"]
[Result "0-1"]
[WhiteElo "1609"]
[BlackElo "2007"]
[PlyCount "50"]
[EventDate "1992.04.17"]
[EventType "swiss"]
[EventRounds "6"]
[EventCountry "CAN"]
[SourceTitle "EXT 2022"]
[Source "ChessBase"]
[SourceDate "2021.10.06"]
[SourceVersion "1"]
[SourceVersionDate "2021.10.06"]
[SourceQuality "1"]

1. e4 e5 2. Nf3 Nc6 3. d4 exd4 4. Nxd4 Qf6 5. Be3 Bc5 6. c3 Nge7 7. Bc4 Ne5 8. Bb3 d6 9. Qe2 c6 10. Nd2 0-0 11. h3 N7g6 12. N4f3 Bxe3 13. Qxe3 Nf4 14. 0-0-0 Nxg2 15. Qe2 Be6 16. Nxe5 dxe5 17. Bxe6 Qxe6 18. Rdg1 Nf4 19. Qg4 Qxg4 20. Rxg4 Nd3+ 21. Kc2 Nxf2 22. Rhg1 Nxg4 23. Rxg4 Rad8 24. Nf3 f6 25. h4 Rf7 0-1